| 000 | 01024nam a2200229 a 4500 | ||
|---|---|---|---|
| 001 | 58314 | ||
| 005 | 20180714054856.0 | ||
| 008 | 140415s1994 ag 000 0 spa d | ||
| 020 | _a9501514587 | ||
| 041 | _aspa | ||
| 082 |
_a823 _bPLA |
||
| 100 | 1 | _aPLAIDY, JEAN | |
| 245 | 1 | 0 | _aCASTILLA PARA ISABEL |
| 250 | _a1a ed. | ||
| 260 |
_aARGENTINA : _bJAVIER VERGARA EDITOR, _c1994 |
||
| 300 |
_a325 _c11 x 1.6 x 17.3 |
||
| 490 | _aLA MUSICA Y LOS MUSICOS | ||
| 520 | _aUNA FANTÁSTICA HISTORIA CENTRADA EN LOS PRIMEROS AÑOS DE ISABEL LA CATÓLICA, LA MAS EXTRAORDINARIA REINA DE ESPAÑA. SU INFANCIA Y ADOLESCENCIA, BAJO LOS CUIDADOS DE UNA MADRE AMBISIOSA Y DESEQUILIBRADA, SU VIDA EN LA CORTE DE SU HERMANO ENRIQUE IV, Y FINALMENTE, SU ASENCIÓN AL TRONO AL BRAZO DE FERNADO DE ARAGÓN. | ||
| 650 | 1 | 4 |
_aESPAA _xHISTORIA _xREYES CATOLICOS, 1479 _x1516 _xESPAA _xREYES Y SOBERANOS _xNOVELA _xESPAA _xHISTORIA _xFERNANDO E ISABEL, 1479 _x1516 |
| 700 | 1 |
_aUGARTE, ISABEL _etr. |
|
| 740 | _aCASTILE FOR ISABELA | ||
| 999 |
_c58314 _d58314 |
||